000 00870cam a2200253 a 4500
001 12216957
005 20180308051240.0
008 001031s2001 nyu b 001 0 eng
010 _a 00053162
020 _a0765604388 (alk. paper)
020 _a0765604396 (pbk. : alk. paper)
040 _aDLC
_cDLC
_dDLC
041 _aeng
043 _an-us---
080 _a306.3620973 FIN
082 0 0 _a306.3620973 FIN
_221
100 1 _a20
101 _aPOL
245 1 0 _aSlavery and the founders :
_cPaul Finkelman.
504 _aIncludes bibliographical references (p. 253-265) and index.
906 _a7
_bcbc
_corignew
_d1
_eocip
_f20
_gy-gencatlg
942 _2ddc
_cBK
999 _c44449
_d44449